Szczegóły MARC21

Podstawy zarządzania organizacjami /

005 -DATA I CZAS OSTATNIEJ MODYFIKACJI [,]
    • @
    • pole kontrolne
    • 20070315155141.9
020 -Międzynarod. znormalizowany nr książki - ISBN [ , ]
    • a
    • Numer ISBN
    • 8301120193 Find
040 -Instytucja sporządzająca opis [ , ]
    • a
    • Instytucja, która sporządziła opis (NP)
    • SZCZ U
    • c
    • Instytucja, która sporządziła rekord (NP)
    • SZCZ U
041 -Język dokumentu [1, ]
    • a
    • Język tekstu (P)
    • polski
    • h
    • Język tekstu oryginalnego i/lub pośredniego (P)
    • angielski
942 -Rodzaj dokumentu [ , ]
    • c
    • Rodzaj dokumentu
    • Książka
100 -Hasło główne - nazwa osobowa [ , ]
    • a
    • Nazwa osobowa (NP)
    • Griffin, Ricky W.
    • d
    • Daty biograficzne (NP)
    • (1950- ).
    • 9
    • KHW
    • 40678
245 -Strefa tytułu i oznaczenia odpowiedzialności [1, ]
    • a
    • Tytuł
    • Podstawy zarządzania organizacjami / Find
    • c
    • Pozostałe elementy strefy tytułu i oznaczenia odpowiedzialności (NP)
    • Ricky W.Griffin.
260 -Strefa adresu wydawniczego [ , ]
    • a
    • Miejsce wydania (P)
    • Warszawa :
    • b
    • Nazwa wydawcy (P)
    • Wydaw.Nauk.PWN,
    • c
    • Data wydania (P)
    • 2000.
300 -Strefa opisu fizycznego [ , ]
    • a
    • Określenie formy książki i/lub objętość (NP)
    • 826 s. :
    • b
    • Oznaczenie ilustracji (NP)
    • rys. :
    • c
    • Format (NP)
    • 25 cm.
500 -Uwaga ogólna [ , ]
    • a
    • Uwaga ogólna (NP)
    • Tł.z jęz.ang. - Ind
080 -Uniwersalna Klasyfikacja Dziesiętna [ , ]
    • a
    • Symbol klasyfikacji
    • 65.01
980 -Symbol UKD [ , ]
    • a
    • UKD
    • 65.01
920 -ISBN [ , ]
    • a
    • ISBN
    • 83-01-12019-3 Find
Sygnatura Lokalizacja Data inwentaryzacji Numer inwentarzowy Status udost.
 BE2000-10-26S.87108-3
T.4479T2001-03-14T.4479-6
T.4481T2001-03-14T.4481-3
T.4482T2001-03-14T.4482-3
T.4483T2001-03-14T.4483-3
T.4484T2001-03-14T.4484-3
T.4485T2001-03-14T.4485-3
T.4486T2001-03-14T.4486-3
T.4487T2001-03-14T.4487-6
T.4488T2001-03-14T.4488-3
T.4489T2001-03-14T.4489-6
T.4490T2001-03-14T.4490-3
T.6355T2002-01-31T.6355-6
T.3484T T.3484-6
T.4480T2001-03-14T.4480-3